000 00519nam a22001577a 4500
003 OSt
005 20151104092413.0
008 151104b xxu||||| |||| 00| 0 eng d
040 _cRUA
082 _aFOR ប៊ុន 1995 B121 Or.1
100 _93306
_aប៊ុន រ៉េត
245 _aសិក្សាលក្ខណៈជីវសាស្រ្តនៃព្រៃកោងកាងកំពុងលូតលាស់
260 _aPhnom Penh
_bRUA
_c1995
300 _a83p.
_bill.
_c29cm.
942 _2ddc
_cFOR
999 _c3085
_d3085